000 01529nam a22002657a 4500
005 20190304143831.0
008 150928n fr |||fr|||| 001 f fre d
040 _cSandra Yazo
_dSandra Yazo
041 0 _afre
082 0 4 _220
_a848.8
092 _aE48N025
100 1 _aBourget, Paul
_d1852-1935
_960359
242 0 0 _aLas dos hermanas - El corazón y el trabajo
_yspa
245 1 4 _aLes deux soeurs - Le coeur et le métier
_cPaul Bourget
260 _aParís (Francia)
_bLibrairie Plon. Plon-Nourrit et Cie. [Librería Plon. Plon-Nourrit y Compañía]
_c[fecha desconocida]
300 _a366 páginas
_c18 x 12 cm
500 _aDetalles físicos: Encuadernación rígida (holandesa) en cartón forrado en papel jaspeado azul; lomo de tela texturizada con adornos en dorado. Guardas. Hoja de cortesía. Anteportada. Portada impresa en una sola tinta, con marca tipográfica de los editores. Texto impreso en una sola columna. Cortes decorados. Papel con oxidación y manchas de humedad
505 0 _aLas dos hermanas: En el andén de una estación ; Por cuenta de otra ; Alma de soldado ; El contagio de los celos ; Una mentira heroica ; Palabras finales -- El corazón y el trabajo: Un caso de conciencia ; Cordelia ; Una obra de caridad ; El retrato
506 _aConsulta en sala
546 _aTexto en francés
650 7 _97794
_aLiteratura francesa
_ySiglo XIX - XX
650 7 _920506
_aNovela francesa
_ySiglo XIX - XX
690 _aLiteratura europea
_926524
942 _2LOCAL
_cLIBRO
_e1
_hE48N025
999 _c311700
_d311700